000 00512nam a2200205Ia 4500
005 20250508153852.0
008 008 250505s9999 xx 000 0 eng d
037 _aTextual
040 _aFEDL
_beng
_cFEDL
041 _aeng
_2eng
084 _a150, SHA
_qFEDL
100 _aSharma T R
245 0 _aManovigyan
260 _aLudhiana, India
_bLahore Book Shop
_c1956
300 _a232p.
365 _aINR
_b4
650 _aPsychology
942 _cTEXL
_h150, SHA
999 _c1346053
_d1346053